000 00619nam a2200181 a 4500
001 000035205
005 20200930074157.0
008 111026s1890 sp 000 0 spa d
040 _aDO-SdBNP
_bspa
_cBNPHU
082 _axxx
_bG463f
100 1 _aGil Fortoul, José
_960949
245 1 0 _aFilosofía constitucional /
_cJosé Gil Fortoul.
260 _aMadrid :
_bAmérica,
_c1890.
300 _a294 p. ;
_c19 cm.
490 1 _aBiblioteca de Ciencias Políticas y Sociales
590 _aPerteneció a la biblioteca personal de Juan Isidro Jimenes Grullón
830 0 _aBiblioteca de Ciencias Políticas y Sociales
_960406
999 _c34696
_d34696